Which City in Massachusetts? - Statistics

General Stats
  • This quiz has been taken 10,021 times
    9,679 since last reset
  • The average score is 12 of 20
Answer Stats
Description City % Correct
Capital of Massachusetts Boston
99%
Famous for its witch trials of 1692 and 1693 Salem
94%
Location of Harvard and MIT Cambridge
87%
Where the Mayflower ship landed in 1620 Plymouth
87%
Birthplace of two Presidents named Adams Quincy
79%
Island formerly known for its whaling industry Nantucket
74%
Of 34 places with this name in the U.S., this one is the oldest Springfield
72%
Where the first battles of the American Revolution took place Lexington
67%
Where the first battles of the American Revolution took place Concord
65%
Namesake of a 2016 Casey Affleck movie {Manchester}-by- the-Sea
59%
Called the "Heart of the Commonwealth" because of its location in the state Worcester
57%
Home to the University of Massachusetts and two other colleges Amherst
56%
In the 1850s, its textile mills made it the largest manufacturing center in the U.S. Lowell
49%
Think hard and you might be able to guess this town home to Williams College Williamstown
47%
From its name, you might expect to see gray matter growing on branches Braintree
43%
Located at the tip of Cape Cod Provincetown
39%
Former whaling city on the South Coast where part of "Moby-Dick" took place New Bedford
25%
Known for its Portuguese community and as the home of Lizzie Borden Fall River
24%
According to a song, it's the city of sin, where what looks like gold is really tin Lynn
24%
County seat and largest city of Berkshire County Pittsfield
22%
No matching quizzes found
Score Distribution
Percent of People with Each Score
Percentile by Number Answered
Your Score History
You have not taken this quiz since the last reset